The visible and invisible Vietnamese in the Czech Republic

Titel: The visible and invisible Vietnamese in the Czech Republic : the problems of adaptation of the modern-day ethnic group in the local environment of the Czech majority / Stanislav Brouček ; translation: Petra Martínková
Verfasser:
Beteiligt:
Ausgabe: 1st edition
Veröffentlicht: Prague : Institute of Ethnology CAS, 2016
Umfang: 195 Seiten : Illustrationen ; 22 cm
Format: Buch
Sprache: Englisch
Schlagworte:
ISBN: 9788088081074
Buchumschlag
X
alg: 48883843
001A    $03025:14-12-21 
001B    $01999:15-11-24 $t18:23:41.000 
001D    $03025:14-12-21 
001U    $0utf8 
001X    $00 
002@    $0Aax 
002C    $aText $btxt $2rdacontent 
002D    $aohne Hilfsmittel zu benutzen $bn $2rdamedia 
002E    $aBand $bnc $2rdacarrier 
003@    $0488838436 
004A    $A978-80-88081-07-4 
006C    $01029862316 $aOCoLC 
007A    $0BV044207648 $aBVB 
009P    $qapplication/pdf $3Inhaltsverzeichnis $uhttp://bvbr.bib-bvb.de:8991/F?func=service&doc_library=BVB01&local_base=BVB01&doc_number=029614023&sequence=000001&line_number=0001&func_code=DB_RECORDS&service_type=MEDIA $mDigitalisierung BSB Muenchen 24 - ADAM Catalogue Enrichment 
009P    $qapplication/pdf $3Literaturverzeichnis $uhttp://bvbr.bib-bvb.de:8991/F?func=service&doc_library=BVB01&local_base=BVB01&doc_number=029614023&sequence=000002&line_number=0002&func_code=DB_RECORDS&service_type=MEDIA $mDigitalisierung BSB Muenchen 24 - ADAM Catalogue Enrichment 
009P    $qapplication/pdf $3Register // Gemischte Register $uhttp://bvbr.bib-bvb.de:8991/F?func=service&doc_library=BVB01&local_base=BVB01&doc_number=029614023&sequence=000003&line_number=0003&func_code=DB_RECORDS&service_type=MEDIA $mDigitalisierung BSB Muenchen 24 - ADAM Catalogue Enrichment 
010@    $aeng 
010E    $erda 
011@    $a2016 $n2016 
021A    $aThe @visible and invisible Vietnamese in the Czech Republic $dthe problems of adaptation of the modern-day ethnic group in the local environment of the Czech majority $hStanislav Brouček ; translation: Petra Martínková 
028A    $BVerfasser $4aut $7139988998 $8Brouček, Stanislav$Z1947- [Tp1] $9218730802 
028C    $BÜbersetzer $4trl $D20231015 $Ecgwrk $71140533169 $8Martínková, Petra$Z1973- [Tp3] $9417200285 
032@    $a1st edition 
033A    $pPrague $nInstitute of Ethnology CAS 
033S    $#Prag $#Hlavni Město Praha $#Hauptstadt Prag $#Prag Kraj $#Bezirk Prag $#Praha $#Prague $#Praga $#Praag $#Boiemorum Casurgis $#Bojemorum Casurgis $#Casurgis $#Regia Boiemorum Casurgis $#Regia Bojemorum Casurgis $4pup $74076310-9 $8Prag [Tg1] $9085216283 
034D    $a195 Seiten 
034I    $a22 cm 
034M    $aIllustrationen 
037A    $a350 výtisků 
044A    $aVietnamci / Česko / 20 $S#0 $N653 
044A    $aVietnamci / emigrace a imigrace / 20 $S#0 $N653 
044A    $anárodnostní menšiny / Česko / 20 $S#0 $N653 
044A    $aetnicita $S#0 $N653 
044A    $aintegrace imigrantů / Česko / 20 $S#0 $N653 
044A    $aVietnamese / Czechia / 20th-21st centuries $S#0 $N653 
044A    $aVietnamese / emigration and immigration / 20th-21st centuries $S#0 $N653 
044A    $anational minorities / Czechia / 20th-21st centuries $S#0 $N653 
044A    $aethnicity $S#0 $N653 
044A    $aintegration of immigrants / Czechia / 20th-21st centuries $S#0 $N653 
044A    $a20 $S#4 $N653 
044A    $a1990-2016 $S#4 $N653 
044A    $amonografie $S#6 $N653 
044A    $amonographs $S#6 $N653 
044K    $qBVB $RBöhmische Länder $RČeská SR $RTschechoslowakei $#Tschechien $#Tschechische Republik $#Tschechische Republik $#Tschechenland $#Tschechei Tschechien $#Česká Republika $#Czech Republic $#ČR $74303381-7 $8Tschechien [Tg1] $9086659812 
044K    $qBVB $RIntegration $RAssimilation $#Social integration $#Intégration sociale $#Soziale Integration $#soziale Integration $#Gesellschaftliche Integration $#Soziale Eingliederung $74077570-7 $8Soziale Integration [Ts1] $9085219835 
044K    $qBVB $RVietnamesin $#Vietnamese $#Vietnamiens $#Vietnamesen $#Vietnamese $#Annamiten $74063515-6 $8Vietnamesen [Ts1] $9085178047 
045F    $a306.09437109049 $eDDC23BSB 
045F/01 $a306.09 
045F/03 $f09049 
045F/03 $f090511 
045F/03 $f090512 
045F/03 $g4371 
045G    $a305.8009437109049 $eDDC23BSB 
045G/01 $a305.8009 
045G/03 $f09049 
045G/03 $f090511 
045G/03 $f090512 
045G/03 $g4371 
045R    $aGeschichte 1990-2016 
045T    $aOST $qDE-12 $2FID 
046L    $aZusammenfassung in englischer Sprache 

lok: 48883843 78

exp: 48883843 78 1 #EPN
201B/01 $014-12-21 $t10:57:02.000 
201C/01 $014-12-21 
201U/01 $0utf8 
203@/01 $01175133795 
208@/01 $a14-12-21 $be 
209A/01 $a/ $f000 $x00 
209A/01 $ab*p $x01 
220C/01 $apgar 
244Z/01 $#Böhmische Kronländer $#Länder der Böhmischen Krone $#Sudetenland $#Böhmen $#Mähren $#Mährisch-Schlesien $#Österreichisch-Schlesien $#Tschechische Sozialistische Republik Böhmische Länder $#Tschechei Böhmische Länder $#Země koruny české $74069573-6 $8--Tg1--Böhmische Länder $x01 $9085195553 
247C/01 $82080>Marburg/Lahn, Herder-Institut, Forschungsbibliothek, Bibliographieportal $9336309341
LEADER 00000cam a22000002c 4500
001 488838436
003 DE-603
005 20241115182341.0
007 tu
008 211214s2016 xx |||| | u00||u|eng c
020 |a 9788088081074 
035 |a (DE-599)BVBBV044207648 
040 |a DE-603  |b ger  |c DE-603  |d DE-603  |e rda 
041 |a eng 
082 0 4 |8 1\u  |a 306.09437109049  |q DE-101  |2 23/BSB 
083 0 |8 2\u  |a 305.8009437109049  |q DE-101  |2 23/BSB 
084 |a OST  |q DE-12  |2 fid 
085 |8 1\u  |b 306.09 
085 |8 1\u  |z 1  |s 09049 
085 |8 1\u  |z 1  |s 090511 
085 |8 1\u  |z 1  |s 090512 
085 |8 1\u  |z 2  |s 4371 
085 |8 2\u  |b 305.8009 
085 |8 2\u  |z 1  |s 09049 
085 |8 2\u  |z 1  |s 090511 
085 |8 2\u  |z 1  |s 090512 
085 |8 2\u  |z 2  |s 4371 
100 1 |a Brouček, Stanislav  |d 1947-  |e Verfasser  |4 aut  |0 (DE-603)218730802  |0 (DE-588)139988998  |2 gnd 
245 0 0 |a ˜Theœ visible and invisible Vietnamese in the Czech Republic  |b the problems of adaptation of the modern-day ethnic group in the local environment of the Czech majority  |c Stanislav Brouček ; translation: Petra Martínková 
250 |a 1st edition 
264 1 |a Prague  |b Institute of Ethnology CAS  |c 2016 
300 |a 195 Seiten  |b Illustrationen  |c 22 cm 
336 |a Text  |b txt  |2 rdacontent 
337 |a ohne Hilfsmittel zu benutzen  |b n  |2 rdamedia 
338 |a Band  |b nc  |2 rdacarrier 
500 |a 350 výtisků 
546 |a Zusammenfassung in englischer Sprache 
648 7 |a Geschichte 1990-2016  |2 gnd 
650 7 |a Soziale Integration  |0 (DE-588)4077570-7  |0 (DE-603)085219835  |2 gnd 
650 7 |a Vietnamesen  |0 (DE-588)4063515-6  |0 (DE-603)085178047  |2 gnd 
651 7 |a Tschechien  |0 (DE-588)4303381-7  |0 (DE-603)086659812  |2 gnd 
700 1 |a Martínková, Petra  |d 1973-  |e Übersetzer  |4 trl  |0 (DE-603)417200285  |0 (DE-588)1140533169  |2 gnd 
751 |a Prag  |2 gnd  |4 pup  |0 (DE-603)085216283  |0 (DE-588)4076310-9  |2 gnd 
856 4 2 |m Digitalisierung BSB Muenchen 24 - ADAM Catalogue Enrichment  |q application/pdf  |u http://bvbr.bib-bvb.de:8991/F?func=service&doc_library=BVB01&local_base=BVB01&doc_number=029614023&sequence=000001&line_number=0001&func_code=DB_RECORDS&service_type=MEDIA  |3 Inhaltsverzeichnis 
856 4 2 |m Digitalisierung BSB Muenchen 24 - ADAM Catalogue Enrichment  |q application/pdf  |u http://bvbr.bib-bvb.de:8991/F?func=service&doc_library=BVB01&local_base=BVB01&doc_number=029614023&sequence=000002&line_number=0002&func_code=DB_RECORDS&service_type=MEDIA  |3 Literaturverzeichnis 
856 4 2 |m Digitalisierung BSB Muenchen 24 - ADAM Catalogue Enrichment  |q application/pdf  |u http://bvbr.bib-bvb.de:8991/F?func=service&doc_library=BVB01&local_base=BVB01&doc_number=029614023&sequence=000003&line_number=0003&func_code=DB_RECORDS&service_type=MEDIA  |3 Register // Gemischte Register 
924 0 |9 2080  |a (DE-603)1175133795  |b DE-2080  |c HES  |d d  |g /